000 00273nam a22001217a 4500
008 170713b xxu||||| |||| 00| 0 eng d
041 _aeng
080 _a101
100 _a24
101 _aFIL
245 _aREADING IN RELIGIONS PHILOSOPHY
_cROBB.M.G
942 _2udc
_cBK
999 _c20520
_d20520